Investičná pravdepodobnosť postavená na historických výnosoch
Poukázanie na potencionálne problémy plynúce z predikcie budúcich výnosov založených na historických dátach. Bližšie priblíženie problémov na konkrétnom príklade. Pravidlo využitia normálneho rozdelenia na určenie pravdepodobnosti budúcich výnosov na základe predošlého vývoja.
Enregistré dans:
| Auteur principal: | |
|---|---|
| Autres auteurs: | |
| Format: | Chapitre de livre |
| Langue: | slovaque |
| Sujets: | |
| Tags: |
Pas de tags, Soyez le premier à ajouter un tag!
|
MARC
| LEADER | 00000naa$a2200000$$$4500 | ||
|---|---|---|---|
| 001 | 0268621 | ||
| 005 | 20240502083805.1 | ||
| 041 | 0 | |a slo | |
| 044 | |a CZ | ||
| 245 | 1 | 0 | |a Investičná pravdepodobnosť postavená na historických výnosoch |c Milan Cibuľa, Juliana Bérešová |
| 520 | |a Poukázanie na potencionálne problémy plynúce z predikcie budúcich výnosov založených na historických dátach. Bližšie priblíženie problémov na konkrétnom príklade. Pravidlo využitia normálneho rozdelenia na určenie pravdepodobnosti budúcich výnosov na základe predošlého vývoja. | ||
| 610 | 2 | 0 | |a výnosy |
| 610 | 2 | 0 | |a dáta |
| 610 | 2 | 0 | |a pravdepodobnosť |
| 610 | 2 | 0 | |a trh akciový |
| 610 | 2 | 0 | |a dlhopisy |
| 610 | 2 | 0 | |a papiere cenné |
| 100 | 1 | |a Cibuľa, Milan, 1995- | |
| 700 | 1 | |a Bérešová, Juliana, 1996- | |